Movies Quiz

Random Movies or Disney Quiz

Beauty and the beast prologue Quiz Stats

Quiz not verified by Sporcle

Also try: Devoted Actors
Challenge
Share
Tweet
Embed
Score 0/27 Timer 10:00
0 Plays Today
% Correct
???
100%
???
97.8%
???
78.5%
???
77.8%
???
77.8%
???
71.1%
???
65.2%
???
65.2%
???
59.3%
???
57.8%
???
48.9%
???
48.1%
???
48.1%
???
47.4%
% Correct
???
41.5%
???
40%
???
40%
???
28.9%
???
28.9%
???
26.7%
???
22.2%
???
21.5%
???
21.5%
???
20.7%
???
18.5%
???
18.5%
???
18.5%

You're not logged in!

Compare scores with friends on all Sporcle quizzes.
Sign Up with Email
OR
Log In

You Might Also Like...

Show Comments

Extras

Top Quizzes Today


Score Distribution

Your Account Isn't Verified!

In order to create a playlist on Sporcle, you need to verify the email address you used during registration. Go to your Sporcle Settings to finish the process.